000 01064 a2200217 4500
001 48792
005 20260407155754.0
008 260407a1990 arg spa d
003 AR-UNSa-BCEJYS
040 _aAR-UNSa-BCEJYS
_bspa
_cAR-UNSa-BCEJYS
080 _a338.45:631(82)
_xIndustrias Agrícolas Argentinas
245 1 0 _aAgroindustrias en la Argentina
_pcambios organizativos y productivos (1970-1190)
020 _a950-25-1340-1
264 1 _aBuenos Aires :
_bCEPAL
_c1990
300 _a262 p.
_c21 cm.
505 _aPrimera Parte: 1. El sector industrial agroalimentario argentino - 2. Transformación tecnológica en la agroindustria de alimentos en Argentina - SEGUNDA PARTE: 3. Subsistema lácteo - 4. Subsistema aceites vegetales - 5. Subsistema arrocero - 6. Subsistema citrícola - 7. La actividad frutícola en el Alto Valle del Río Negro - 8. Reestructuración de las relaciones productivas en la agroindustria regional.
942 _cBK
590 _aniveau_biblio:m niveau_hierar:0
100 1 _aGutman, Graciela E.
700 1 _aGatto, Francisco
999 _c4729
_d4729